| 000 | 01126cam a2200265 a 4500 | ||
|---|---|---|---|
| 001 | 3060886 | ||
| 005 | 20190731081829.0 | ||
| 008 | 190731s1996 gw b 001 0 ger | ||
| 010 | _a 96156267 | ||
| 020 | _a3631493835 | ||
| 040 |
_aCO-BoUCM _cSaul Niño _dSaul Niño _bspa |
||
| 041 | 0 | _ager | |
| 100 | 1 |
_aCorral, Alvaro, _d1962- _997864 |
|
| 245 | 1 | 0 |
_aZur Hypothesenbildung _bdas Problem der epistemologischen Voraussetzungen wissenschaftlicher Prinzipien bei William Whewell _cAlvaro Corral |
| 260 |
_aFrankfurt am Main _aNew York _bPeter Lang _c1996 |
||
| 300 | _a248 páginas | ||
| 490 | 0 |
_aEuropäische Hochschulschriften. Reihe XX, Philosophie _x0721-3417 _v483 _aPublications universitaires européennes. Série XX, Philosophie _v483 _aEuropean university studies. Series XX, Philosophy _v483 |
|
| 546 | _aTexto en alemán | ||
| 600 | 1 | 0 |
_aWhewell, William _d1794-1866 _997865 _xCrítica e intrepretación |
| 650 | 7 |
_aCiencia _xFilosofía _942111 |
|
| 650 | 7 |
_aCiencia _xmetodología _978849 |
|
| 650 | 7 |
_aHipótesis _916903 |
|
| 942 |
_2DEWEY _a25 _cLIBRO _e1 _h501 _mC823z |
||
| 999 |
_c313782 _d313782 |
||